000 00656nam a2200253Ia 4500
001 9278
005 20240113234158.0
007 ta
008 050725s1959 a g b000 u eng u
040 _aCotton College,Assam
041 _aeng
082 _a820.9
_bW 884 C
100 _aWoolf, Virginia .
245 0 _aThe Common Reader /
_cVirginia Woolf.
_hTextual Documents
250 _a1st ed /
260 _aLondon :
_bThe Hogarth Press ,
_c1959.
300 _a270p. :
_bill. ;
_c18cm. .
653 _aEnglish Literature-Criticism
653 _aG-English
942 _2ddc
_cBK
999 _c9265
_d9265